书目信息 |
| 题名: |
古绘诗经名物
|
|
| 作者: | 渊在宽 绘画 ;萧旅 编著 | |
| 分册: | ||
| 出版信息: | 武汉 武汉大学出版社 2011.8 |
|
| 页数: | 359页 | |
| 开本: | 24cm | |
| 丛书名: | ||
| 单 册: | ||
| 中图分类: | I222.2 , J232.9(313) | |
| 科图分类: | ||
| 主题词: | 古体诗--诗集--中国--春秋时代 , 花鸟画--作品集--日本--现代 , 古体诗 , 花鸟画 | |
| 电子资源: | ||
| ISBN: | 978-7-307-08877-1 | |
| 000 | 01228nam0 2200301 45 | |
| 001 | 1360541937 | |
| 005 | 20130603090048.14 | |
| 010 | @a978-7-307-08877-1@dCNY68.00 | |
| 100 | @a20130513d2011 em y0chiy0110 ea | |
| 101 | 1 | @achi@cjpn |
| 102 | @aCN@b420000 | |
| 105 | @aa z 000yy | |
| 106 | @ar | |
| 200 | 1 | @a古绘诗经名物@AGu Hui Shi Jing Ming Wu@e数百幅日本安永年间绝版古绘藏画首次大公开@EShu Bai Fu Ri Ben An Yong Nian Jian Jue Ban Gu Hui Cang Hua Shou Ci Da Gong Kai@f(日)渊在宽绘画@F( Ri ) Yuan Zai Kuan Hui Hua@g萧旅编著 |
| 210 | @a武汉@c武汉大学出版社@d2011.8 | |
| 215 | @a359页@c图@d24cm | |
| 330 | @a本书收录了《诗经》中的部分作品,并将诗中涉及到近百种名物一一提出,并以日本人渊在宽安永八年特为《诗经》所作的百余幅古画作为诠释。 | |
| 517 | 1 | @a数百幅日本安永年间绝版古绘藏画首次大公开@AShu Bai Fu Ri Ben An Yong Nian Jian Jue Ban Gu Hui Cang Hua Shou Ci Da Gong Kai |
| 606 | 0 | @a古体诗@x诗集@y中国@z春秋时代 |
| 606 | 0 | @a花鸟画@x作品集@y日本@z现代 |
| 606 | 0 | @a古体诗 |
| 606 | 0 | @a花鸟画 |
| 690 | @aI222.2@v5 | |
| 690 | @aJ232.9(313)@v5 | |
| 701 | 0 | @c(日)@a渊在宽@AYuan Zai Kuan@4绘画 |
| 702 | 0 | @a萧旅@AXiao Lu^@4编著 |
| 801 | @aCN@bTANGWEI@c20130523 | |
| 905 | @b0835086-91@dI222.2@e533@f6 | |
| 古绘诗经名物:数百幅日本安永年间绝版古绘藏画首次大公开/(日)渊在宽绘画/萧旅编著.-武汉:武汉大学出版社,2011.8 |
| 359页:图;24cm |
| ISBN 978-7-307-08877-1:CNY68.00 |
| 本书收录了《诗经》中的部分作品,并将诗中涉及到近百种名物一一提出,并以日本人渊在宽安永八年特为《诗经》所作的百余幅古画作为诠释。 |
| ● |
| 相关链接 |
|
|
|
|
正题名:古绘诗经名物
索取号:I222.2/533
 
预约/预借
| 序号 | 登录号 | 条形码 | 馆藏地/架位号 | 状态 | 备注 |
| 1 | 0835086 | 208350862 | 第一样本阅览室/ [索取号:I222.2/533] | 在馆 | |
| 2 | 0835087 | 208350871 | 第二借阅区/ [索取号:I222.2/533] | 在馆 | |
| 3 | 0835088 | 208350880 | 第二借阅区/ [索取号:I222.2/533] | 在馆 | |
| 4 | 0835089 | 208350899 | 第二借阅区/ [索取号:I222.2/533] | 在馆 | |
| 5 | 0835090 | 208350906 | 教育系资料室/ [索取号:I222.2/533] | 在馆 | |
| 6 | 0835091 | 208350915 | 教育系资料室/ [索取号:I222.2/533] | 在馆 |